7-to-1: DC Comics Villains Quiz Stats

 Plays Quiz not verified by Sporcle

Score 0/28 Timer 04:00
0 Plays Today
% Correct
Joker
96.7%
Penguin
95.1%
Bane
94.3%
Poison Ivy
94.3%
Lex Luthor
94.2%
Riddler
93.6%
Harley Quinn
93.1%
General Zod
88%
Doomsday
82.7%
Ocean Master
80.8%
Killer Croc
79%
Bizarro
78.8%
Ares
77.2%
Darkseid
75.9%
% Correct
Professor Zoom
75.4%
Brainiac
75%
Cheetah
73.5%
Medusa
72.6%
Black Manta
71.5%
Sinestro
71.2%
Black Hand
70.3%
Circe
69.3%
Gorilla Grodd
69.2%
Atrocitus
64.2%
Mirror Master
63.7%
Larfleeze
61.7%
Legion
58.9%
Merlyn
51.3%

You're not logged in!

Compare scores with friends on all Sporcle quizzes.
OR
Log In

You Might Also Like...

Show Comments

Extras

Top Quizzes Today


Score Distribution

Your Account Isn't Verified!

In order to create a playlist on Sporcle, you need to verify the email address you used during registration. Go to your Sporcle Settings to finish the process.

Report this User

Report this user for behavior that violates our Community Guidelines.

Details: